MDQL
is popping MORE tags! Check the
thread
!
Quizzes
Events
Quiz Creation
Community
Videos
Private Events
Remove Ads
Sign In
Join for FREE
Feedback
Dark Mode
Quiz Categories
Sports
Geography
Music
Movies
Television
Just For Fun
Miscellaneous
History
Literature
Language
Science
Gaming
Entertainment
Religion
Holiday
For Kids
Quiz Lab
Recent
Popular Today
Quiz Kudos Today
Editor Picks
Curator Picks
Quizzes by...
Day
Popularity
Type
Ratings
Length
Year
Community
Subscriptions
Recent Discussions
Orange Saloon
Badges
Playlists
Quests
Create
Leaderboards
Showdown
Live 5
Trivia Bingo
Activity
Puzzle Library
Sporcle Events
Private Events
Virtual Trivia
Globe League
Become a Host
Pub Owners
SporcleCon
Opinionation
Our Games
Videos
Blog
Mobile Apps
Partnerships
Remove Ads and Go Orange
Feedback
Sports
Athletes
MLB
NBA
NHL
NFL
Soccer
Sports Teams
WWE
NCAA
Football
Premier League
Basketball
Baseball
Hockey
Golf
Tennis
Cricket
Rugby
Auto Racing
Olympics
World Cup
Sports
Athletes
MLB
NBA
NHL
NFL
Soccer
Sports Teams
WWE
NCAA
Football
Premier League
Basketball
Baseball
Hockey
Golf
Tennis
Cricket
Rugby
Auto Racing
Olympics
World Cup
Random Quiz
Search Sporcle
×
Quiz Lab
Quiz Lab
Sports
NFL
Type in answers that appear in a list
Type in answers that appear in a list
Classic
Best Score? Go Orange.
Team Rush Leader Stats
Can you name the NFL Team Rushing Leader from 2000-2008?
By
warriorbull123
8m
32 Questions
403 Plays
403 Plays
403 Plays
Comments
Comments
Give Quiz Kudos
Give Quiz Kudos
-
- Ratings
hide this ad
Replay
Link that replays current quiz
Next Quiz
Link to next quiz in quiz playlist
You Got
0%
They Got
Avg Score
81%
Avg Friend Score
Upgrade to see
Score Distribution
Jump to the score distribution portion of the page
Score
0/32
Timer
08:00
0
Plays Today
Team
Player
% Correct
Miami Dolphins
Ricky Williams
97%
Arizona Cardinals
Edgerrin James
96%
Indianapolis Colts
Edgerrin James
96%
San Diego Chargers
LaDainian Tomlinson
96%
New York Giants
Tiki Barber
92.8%
Baltimore Ravens
Jamal Lewis
92.5%
Cleveland Browns
Jamal Lewis
92.5%
St. Louis Rams
Marshall Faulk
92.5%
Pittsburgh Steelers
Jerome Bettis
92.3%
Philadelphia Eagles
Brian Westbrook
91.8%
Seattle Seahawks
Shaun Alexander
91.8%
San Francisco 49ers
Frank Gore
91.5%
Jacksonville Jaguars
Fred Taylor
91.3%
Washington Redskins
Clinton Portis
91.3%
Chicago Bears
Thomas Jones
90.3%
Dallas Cowboys
Julius Jones
90%
Team
Player
% Correct
Detroit Lions
Kevin Jones
90%
Atlanta Falcons
Warrick Dunn
88.1%
Kansas City Chiefs
Priest Holmes
88.1%
New Orleans Saints
Deuce McAllister
87.1%
New York Jets
Curtis Martin
86.3%
Tennessee Titans
Eddie George
86.1%
Cincinnati Bengals
Rudi Johnson
85.3%
Green Bay Packers
Ahman Green
82.6%
New England Patriots
Corey Dillon
78.1%
Houston Texans
Domanick Davis
74.1%
Oakland Raiders
Justin Fargas
60.7%
Denver Broncos
Mike Anderson
60.2%
Carolina Panthers
DeShaun Foster
57.5%
Buffalo Bills
Travis Henry
36.3%
Minnesota Vikings
Michael Bennett
30.8%
Tampa Bay Buccaneers
Michael Pittman
26.6%
Quiz Playlist
Details
Report
Send in Message
Add To Playlist
Classic:
Type in answers that appear in a list
Last Updated: Feb 16, 2017
Quiz Scoreboard
CHALLENGE
Sign Up to Join the Scoreboard
Show All
Scores
Hide
Comments
May contain spoilers
Recently Published
Image Sorting: Flags VI
by Barbecue
Geography
2m
Find the 'City' Movie
by crazypaving
Movies
60s
Colored Red Africa Blitz
by spor1
Geography
45s
More to Explore
Quiz From the Vault
Featured Blog Post
14 Easter Pick-up Lines to Find Eggs With
hide this ad
You Might Also Like...
Tags
NFL Quiz
2000s
Player
rush
Rushing
Rushing Leaders
team
Today's Top Quizzes in Sports
Browse Sports
hide this ad
Today's Top Quizzes in NFL
Browse NFL
Top Contributed Quizzes in Sports
1
Les meilleurs buteurs des matchs entre le PSG et l’OM
2
Les entraîneurs de l'OM et du PSG au 21e siècle
3
Les joueurs passés par le PSG et l'OM
4
2022 World Cup Stars
5
Players with Multiple 50 Home Run Seasons
6
Criteria MLB: Left Handed Sluggers
7
Les joueurs passés par le LOSC et le RC Lens
8
NBA Logic Puzzle 2.0
9
MLB Players with Two .350 Batting Average Seasons
10
FIFA Club World Cup Champions
Explore More
Trending Topics
Crossword
Disney
Harry Potter
Marvel
NBA
Kpop
Anime
Soccer
WWE
Pokémon
The Office
Country
NFL
Song
Puzzle
hide this ad
More By:
warriorbull123
Quiz
Plays
Rating
Category
Featured
Created
Team Rush Leader
403
5.00
Sports
Sep 30, 2009
Go to Creator's Profile
Score Distribution
Quiz Creator Spotlight
warriorbull123
Follow
Send a Message
Quizzes Created
-
Created Quiz Play Count
-
More By This Creator
Popular Quizzes Today
1
Colored Red Africa Blitz
2
Find the US States - No Outlines Minefield
3
Find the 'City' Movie
4
5x2 Blitz: Bands
5
The Countries of the World
6
Find the US States
7
Find the Countries of Europe - No Outlines Minefield
8
US States
More Sports Quizzes
All NFL Starting QBs 2020-2021
Quiz Lab
Trending Quizzes
Colored Red Europe Blitz I
Colored Red Europe Blitz II
Colored Red Africa Blitz II
Colored Red Europe Blitz III
Colored Red Africa Blitz III
Recently Updated
How Do You Spell That?
pecheneg
Godzilla Movies
pecheneg
Grab Bag: 4-10 Letters
pecheneg
2024 March Madness Bracket
pecheneg
Famous TV Couples
Peacemaker
Champions League XIs: Real Madrid
pecheneg
Largest US Cities 1790-2010
pecheneg
Rides in Walt Disney World
pecheneg
Most Oscar Losses (Acting)
pecheneg
Beyoncé Albums
pecheneg
Trending Topics
Anime
NBA
Harry Potter
Kpop
Disney
Crossword
Marvel
NFL
Country
Pokémon
Soccer
WWE
Puzzle
Song
The Office
Your Account Isn't Verified!
In order to create a playlist on Sporcle, you need to verify the email address you used during registration. Go to your
Sporcle Settings
to finish the process.
Report this User
Report this user for behavior that violates our
Community Guidelines
.
Details:
Send Report
Go to the Sporcle.com Mobile Site →
Comments